ISO 9000 for software developers
Saved in:
| Main Author: | |
|---|---|
| Format: | Book |
| Language: | English |
| Published: |
Milwauikee, Wis. :
ASQC Quality Press,
c1994
|
| Subjects: | |
| Tags: |
Add Tag
No Tags, Be the first to tag this record!
|
MARC
| LEADER | 00000nam a2200000 i 4500 | ||
|---|---|---|---|
| 001 | 1/49816 | ||
| 008 | 950913s1994 eng d | ||
| 020 | |a 0-87389-246-1 | ||
| 035 | |1 ΕΛΗ |a 1995 |b 1807 |c ΚΑΤΣΙΚΑΣ |l 10043711 | ||
| 040 | |a GR-MY-UA |b gre |e aacr | ||
| 041 | 0 | |a eng | |
| 082 | 0 | |a 658.5620240904 | |
| 100 | 1 | |a Schmauch, Charles H. |d 1941- | |
| 245 | 1 | 0 | |a ISO 9000 for software developers / |c Charles H. Schmauch |
| 260 | |a Milwauikee, Wis. : |b ASQC Quality Press, |c c1994 | ||
| 300 | |a vii, 156 p.; |c 24 cm. | ||
| 500 | |a Includes bibliographical references (p.147-149) and index | ||
| 650 | 0 | 0 | |a Computer software |x Quality control. |
| 852 | |a INST |b SAMOS |e 19950913 |h 658.5620240904 SCH |p 005300012081 |q 005300012081 |t BK |y 0 | ||
| 901 | |a BIBL-1997-2 | ||
| 909 | |a Σ |b 051423 | ||